000 00844pam a2200277 a 4500
001 3295654
003 OSt
005 20230620132016.0
008 830426s1983 enk b 001 0 eng
010 _a 83008226
020 _a0416350909
020 _a041635100X (University paperbacks : pbk.)
040 _aDLC
_cDLC
_dDLC
043 _an-us---
082 0 0 _a320.97
_bGRI
100 1 _aGriffith, Ernest Stacey,
_d1896-
245 1 4 _aThe American system of government /
_cErnest S. Griffith.
250 _a4th rev. ed., American 6th rev. ed.
260 _aLondon ;
_aNew York :
_bMethuen,
_c1983.
300 _axi, 203 p. ;
_c21 cm.
500 _aIncludes index.
504 _aBibliography: p. [188]-191.
651 0 _aUnited States
_xPolitics and government.
906 _a7
_bcbc
_corignew
_d1
_eocip
_f19
_gy-gencatlg
942 _2ddc
_cBK
999 _c1723
_d1723